000 00290nam a2200109Ia 4500
001 1272260
005 20260417151425.0
008 260417s9999 xx 000 0 und d
020 _a9786256495159
245 0 _aOnbaşı Nezahat ve Kızlı Alay
_cBüşra Şen Altun
260 _bKetebe Çocuk
999 _c1272260
_d1272260